000 00705na a2200217 4500
001 19716
003 MIRAKIL
005 20181213155102.0
008 161226b tu 000 0
040 _aMilas
_btur
_cTR-AnCHP
041 _atur
082 _a378
_bG34 2000
090 _a378 G34 2000
245 _aGelişmekte olan ülkelerde yüksek öğrenim
_bsorunlar ve çözüm önerileri
_cYüksek öğrenim ve Toplum Çalışma Gurubu
246 _asorunlar ve çözüm önerileri
260 _a[y. y.]
_bYüksek öğrenim ve Toplum Çalışma Gurubu
_c2000
300 _a135 s.
_c29 sm.
500 _aKaynakça var.
710 _aYüksek öğrenim ve Toplum Çalışma Gurubu
942 _2ddc
_cBKS
999 _c6281
_d6281